000 00571nam a2200169 a 4500
008 120416s0000 xx |||||||||||||| || u
020 _a0387533141
050 _aTJ 1059 Uni
100 _aTipper, J. A
245 1 0 _aUniversal joints and drive shafts
246 _aanalysis, design, applications
260 _a
_bSpringer-Verlag
_c1992
300 _axiv, 251p. : ill.
350 _a0.00
700 _aHill, S. J
995 _D0.00
_FCBU-MAIN LIBRARY (Kitwe)
_H1
_I38.00
_UAVAILABLE
_ZMain Library Open Access Collection
999 _c60874
_d60874